000 00606nam a2200217Ia 4500
005 20230617131730.0
008 131103s9999 xx 000 0 und d
020 _a674714563
040 _aLoreto College
041 _aEnglish
082 _a301
_bLEV
100 _aLevitan,Sar A.
245 4 _aThe promise of greatness
_cSar A.Levitan and Robert Taggart
260 _aLondon
_bHarvard University Press
_c1976
300 _aix,316 p.
_b illus.,fig.,tables
504 _aIncludes index and bibliographical references
650 _aSociology
651 _aSociology
850 _aLCLIB
942 _cBK
999 _c11130
_d61609